<?xml version="1.0" encoding="UTF-8"?>
<record
    xmlns:xsi="http://www.w3.org/2001/XMLSchema-instance"
    xsi:schemaLocation="http://www.loc.gov/MARC21/slim http://www.loc.gov/standards/marcxml/schema/MARC21slim.xsd"
    xmlns="http://www.loc.gov/MARC21/slim">

  <leader>02231nam0a2200385 i 4500</leader>
  <controlfield tag="001">RU\NLR\bibl\2036489</controlfield>
  <controlfield tag="005">20260406114906.0</controlfield>
  <datafield tag="010" ind1=" " ind2=" ">
    <subfield code="a">978-5-906002-37-2</subfield>
    <subfield code="9">500</subfield>
  </datafield>
  <datafield tag="021" ind1=" " ind2=" ">
    <subfield code="a">RU</subfield>
    <subfield code="b">2013-34723</subfield>
    <subfield code="9">2377</subfield>
  </datafield>
  <datafield tag="035" ind1=" " ind2=" ">
    <subfield code="a">(NLR Aleph) 002023913</subfield>
  </datafield>
  <datafield tag="090" ind1=" " ind2=" ">
    <subfield code="a">4517806</subfield>
    <subfield code="c">4517806</subfield>
  </datafield>
  <datafield tag="100" ind1=" " ind2=" ">
    <subfield code="a">20130524d2013    u  y0rusy50      ca</subfield>
  </datafield>
  <datafield tag="101" ind1="0" ind2=" ">
    <subfield code="a">rus</subfield>
    <subfield code="a">kbd</subfield>
  </datafield>
  <datafield tag="102" ind1=" " ind2=" ">
    <subfield code="a">RU</subfield>
  </datafield>
  <datafield tag="105" ind1=" " ind2=" ">
    <subfield code="a">a |||||||||</subfield>
  </datafield>
  <datafield tag="200" ind1="1" ind2=" ">
    <subfield code="a">&#x41A;&#x430;&#x432;&#x43A;&#x430;&#x437;&#x441;&#x43A;&#x438;&#x435; &#x43F;&#x43E;&#x44D;&#x43C;&#x44B;</subfield>
    <subfield code="d">&#x41A;&#x430;&#x432;&#x43A;&#x430;&#x437; &#x43F;&#x43E;&#x44D;&#x43C;&#x44D;&#x445;&#x44D;&#x440;</subfield>
    <subfield code="e">&#x441; &#x438;&#x43B;&#x43B;&#x44E;&#x441;&#x442;&#x440;&#x430;&#x446;&#x438;&#x44F;&#x43C;&#x438; &#x440;&#x443;&#x441;&#x441;&#x43A;&#x438;&#x445; &#x438; &#x437;&#x430;&#x440;&#x443;&#x431;&#x435;&#x436;&#x43D;&#x44B;&#x445; &#x445;&#x443;&#x434;&#x43E;&#x436;&#x43D;&#x438;&#x43A;&#x43E;&#x432; XIX-XX &#x432;&#x435;&#x43A;&#x43E;&#x432;</subfield>
    <subfield code="f">&#x41B;&#x435;&#x440;&#x43C;&#x43E;&#x43D;&#x442;&#x43E;&#x432; &#x41C;.&#x42E;.</subfield>
    <subfield code="g">[&#x43F;&#x435;&#x440;. &#x43D;&#x430; &#x43A;&#x430;&#x431;&#x430;&#x440;&#x434;&#x438;&#x43D;&#x43E;-&#x447;&#x435;&#x440;&#x43A;&#x435;&#x441;&#x441;&#x43A;&#x438;&#x439; &#x44F;&#x437;. &#x43B;&#x430;&#x443;&#x440;&#x435;&#x430;&#x442;&#x43E;&#x43C; &#x413;&#x43E;&#x441;&#x43F;&#x440;&#x435;&#x43C;&#x438;&#x438; &#x41A;&#x411;&#x420;, &#x43D;&#x430;&#x440;. &#x43F;&#x43E;&#x44D;&#x442;&#x43E;&#x43C; &#x41A;&#x430;&#x431;&#x430;&#x440;&#x434;&#x438;&#x43D;&#x43E;-&#x411;&#x430;&#x43B;&#x43A;&#x430;&#x440;&#x438;&#x438; &#x420;&#x443;&#x441;&#x43B;&#x430;&#x43D;&#x43E;&#x43C; &#x410;&#x446;&#x43A;&#x430;&#x43D;&#x43E;&#x432;&#x44B;&#x43C;]</subfield>
    <subfield code="z">kbd</subfield>
  </datafield>
  <datafield tag="210" ind1=" " ind2=" ">
    <subfield code="a">&#x41D;&#x430;&#x43B;&#x44C;&#x447;&#x438;&#x43A;</subfield>
    <subfield code="c">&#x422;&#x435;&#x442;&#x440;&#x430;&#x433;&#x440;&#x430;&#x444;</subfield>
    <subfield code="d">2013</subfield>
  </datafield>
  <datafield tag="215" ind1=" " ind2=" ">
    <subfield code="a">535 &#x441;.</subfield>
    <subfield code="c">&#x438;&#x43B;., &#x43F;&#x43E;&#x440;&#x442;&#x440;., &#x444;&#x430;&#x43A;&#x441;.</subfield>
    <subfield code="d">25</subfield>
  </datafield>
  <datafield tag="225" ind1="1" ind2=" ">
    <subfield code="a">&#x427;&#x435;&#x440;&#x43A;&#x435;&#x441;&#x438;&#x43A;&#x430;</subfield>
    <subfield code="d">Cherkesika</subfield>
    <subfield code="e">&#x43E;&#x431;&#x449;&#x435;&#x430;&#x434;&#x44B;&#x433;&#x441;&#x43A;&#x430;&#x44F; &#x441;&#x435;&#x440;&#x438;&#x44F;</subfield>
    <subfield code="f">&#x430;&#x432;&#x442;. &#x43F;&#x440;&#x43E;&#x435;&#x43A;&#x442;&#x430; &#x438; &#x433;&#x43B;. &#x440;&#x435;&#x434;. - &#x430;&#x43A;&#x430;&#x434;. &#x410;&#x41C;&#x410;&#x41D; &#x41C;&#x443;&#x445;&#x430;&#x43C;&#x435;&#x434; &#x425;&#x430;&#x444;&#x438;&#x446;&#x44D;</subfield>
    <subfield code="v">&#x442;. 2</subfield>
    <subfield code="z">eng</subfield>
  </datafield>
  <datafield tag="300" ind1=" " ind2=" ">
    <subfield code="a">&#x422;&#x435;&#x43A;&#x441;&#x442; &#x43F;&#x430;&#x440;&#x430;&#x43B;. &#x43D;&#x430; &#x440;&#x443;&#x441;. &#x438; &#x43A;&#x430;&#x431;&#x430;&#x440;&#x434;.-&#x447;&#x435;&#x440;&#x43A;&#x435;&#x441;. &#x44F;&#x437;.</subfield>
  </datafield>
  <datafield tag="327" ind1="1" ind2=" ">
    <subfield code="a">&#x421;&#x43E;&#x434;&#x435;&#x440;&#x436;.: &#x427;&#x435;&#x440;&#x43A;&#x435;&#x441;&#x44B;; &#x41A;&#x430;&#x432;&#x43A;&#x430;&#x437;&#x441;&#x43A;&#x438;&#x439; &#x43F;&#x43B;&#x435;&#x43D;&#x43D;&#x438;&#x43A;; &#x41A;&#x430;&#x43B;&#x43B;&#x44B;. &#x427;&#x435;&#x440;&#x43A;&#x435;&#x441;&#x441;&#x43A;&#x430;&#x44F; &#x43F;&#x43E;&#x432;&#x435;&#x441;&#x442;&#x44C;; &#x418;&#x437;&#x43C;&#x430;&#x438;&#x43B; &#x411;&#x435;&#x439;. &#x412;&#x43E;&#x441;&#x442;&#x43E;&#x447;&#x43D;&#x430;&#x44F; &#x43F;&#x43E;&#x432;&#x435;&#x441;&#x442;&#x44C;; &#x410;&#x443;&#x43B; &#x411;&#x430;&#x441;&#x442;&#x443;&#x43D;&#x434;&#x436;&#x438;; &#x425;&#x430;&#x434;&#x436;&#x438; &#x410;&#x431;&#x440;&#x435;&#x43A;; &#x411;&#x435;&#x433;&#x43B;&#x435;&#x446;. &#x413;&#x43E;&#x440;&#x43D;&#x430;&#x44F; &#x43B;&#x435;&#x433;&#x435;&#x43D;&#x434;&#x430;; &#x414;&#x435;&#x43C;&#x43E;&#x43D;. &#x412;&#x43E;&#x441;&#x442;&#x43E;&#x447;&#x43D;&#x430;&#x44F; &#x43F;&#x43E;&#x432;&#x435;&#x441;&#x442;&#x44C;; &#x41C;&#x446;&#x44B;&#x440;&#x438;</subfield>
  </datafield>
  <datafield tag="510" ind1="1" ind2=" ">
    <subfield code="6">z73790</subfield>
    <subfield code="a">&#x41A;&#x430;&#x432;&#x43A;&#x430;&#x437; &#x43F;&#x43E;&#x44D;&#x43C;&#x44D;&#x445;&#x44D;&#x440;</subfield>
    <subfield code="z">kbd</subfield>
  </datafield>
  <datafield tag="686" ind1=" " ind2=" ">
    <subfield code="a">&#x428;6(2=&#x420;)51-5</subfield>
  </datafield>
  <datafield tag="700" ind1=" " ind2="1">
    <subfield code="4">070</subfield>
    <subfield code="8">rus</subfield>
    <subfield code="7">ca</subfield>
    <subfield code="a">&#x41B;&#x435;&#x440;&#x43C;&#x43E;&#x43D;&#x442;&#x43E;&#x432;</subfield>
    <subfield code="b">&#x41C;. &#x42E;.</subfield>
    <subfield code="c">&#x43F;&#x43E;&#x44D;&#x442;</subfield>
    <subfield code="f">1814-1841</subfield>
    <subfield code="g">&#x41C;&#x438;&#x445;&#x430;&#x438;&#x43B; &#x42E;&#x440;&#x44C;&#x435;&#x432;&#x438;&#x447;</subfield>
    <subfield code="3">RU\NLR\auth\77328</subfield>
    <subfield code="9">110383</subfield>
  </datafield>
  <datafield tag="702" ind1=" " ind2="1">
    <subfield code="a">&#x410;&#x446;&#x43A;&#x430;&#x43D;&#x43E;&#x432;</subfield>
    <subfield code="b">&#x420;. &#x425;.</subfield>
    <subfield code="g">&#x420;&#x443;&#x441;&#x43B;&#x430;&#x43D; &#x425;.</subfield>
    <subfield code="4">730</subfield>
  </datafield>
  <datafield tag="790" ind1=" " ind2="1">
    <subfield code="4">070</subfield>
    <subfield code="8">rus</subfield>
    <subfield code="7">ca</subfield>
    <subfield code="a">&#x41B;&#x435;&#x440;&#x43C;&#x43E;&#x43D;&#x442;&#x43E;&#x432;</subfield>
    <subfield code="b">&#x41C;. &#x42E;.</subfield>
    <subfield code="c">&#x43F;&#x43E;&#x44D;&#x442;</subfield>
    <subfield code="f">1814-1841</subfield>
    <subfield code="g">&#x41C;&#x438;&#x445;&#x430;&#x438;&#x43B; &#x42E;&#x440;&#x44C;&#x435;&#x432;&#x438;&#x447;</subfield>
    <subfield code="3">RU\NLR\auth\77328</subfield>
    <subfield code="9">110383</subfield>
  </datafield>
  <datafield tag="801" ind1=" " ind2="0">
    <subfield code="a">RU</subfield>
    <subfield code="b">NLR</subfield>
    <subfield code="c">20130524</subfield>
    <subfield code="g">RCR</subfield>
  </datafield>
  <datafield tag="801" ind1=" " ind2="1">
    <subfield code="a">RU</subfield>
    <subfield code="b">NLR</subfield>
    <subfield code="c">20130524</subfield>
  </datafield>
  <datafield tag="852" ind1=" " ind2=" ">
    <subfield code="a">NLR</subfield>
    <subfield code="b">&#x41E;&#x41D;&#x41B;</subfield>
    <subfield code="j">&#x41A;&#x430;&#x431;&#x430;&#x440;./4-105</subfield>
  </datafield>
  <datafield tag="852" ind1=" " ind2=" ">
    <subfield code="a">NLR</subfield>
    <subfield code="b">&#x41E;&#x41D;&#x41B;</subfield>
    <subfield code="j">&#x41C;&#x41A;-9307</subfield>
  </datafield>
  <datafield tag="942" ind1=" " ind2=" ">
    <subfield code="c">BOOK</subfield>
  </datafield>
  <datafield tag="980" ind1=" " ind2=" ">
    <subfield code="a">NBR</subfield>
  </datafield>
</record>
